Folk art flowers

Bibliographic Details
Main Author: Tummel, Eva
Format: Book
Published: Australia : Kangaroo Press , 1994
Series:Step-by-step
Subjects:

MARC

LEADER 00000cam a2200000 7i4500
001 0000004601
002 000004961
005 20060214.0
020 |a 0864175582 
090 0 0 |a 745.1   |b TUM 
100 1 |a Tummel, Eva 
245 1 0 |a Folk art flowers   |c Eva Tummel 
260 |a Australia :   |b Kangaroo Press ,   |c 1994 
300 |a 88 p. :   |b ill. ;   |c 28 cm. 
490 0 |a Step-by-step 
650 0 0 |a Flok arts 
650 0 0 |a Flowers in art 
650 0 0 |a Painting   |x Technique 
999 |a 037407   |b BUKU   |c PINJAMAN   |e PERPUSTAKAAN KOMUNITI PETALING JAYA 
999 |a 081102   |b BUKU   |c PINJAMAN   |e PERPUSTAKAAN KOMUNITI PETALING JAYA 
999 |a 081134   |b BUKU   |c PINJAMAN   |e PERPUSTAKAAN KOMUNITI PETALING JAYA 
999 |a 081135   |b BUKU   |c PINJAMAN   |e PERPUSTAKAAN KOMUNITI PETALING JAYA